000 00489nam a2200181Ia 4500
005 20250508163212.0
008 008 250505s9999 xx 000 0 eng d
037 _aTextual
040 _aFEDL
_beng
_cFEDL
041 _aeng
_2eng
084 _a428, BHA
_qFEDL
100 _aBhaskaran M
_9639937
245 0 _aStrengthen your english
260 _aDelhi, India
_bOxford University Press
_c1974
300 _a153p.
942 _cTEXL
_h428, BHA
999 _c1381473
_d1381473